000 00521nam a22001817a 4500
005 20251108164244.0
008 250721s1987 xx 000 0 ara d
082 1 4 _a792.09/ريا
100 1 _aعصمت، رياض
245 1 0 _aشيطان المسرح :
_bكتاب نقدي عن المسرح في العالم /
264 1 _aدمشق :
_bدار طلاس للنشر،
_c1987.
300 _a662ص
650 1 7 _aالمسرح
650 1 7 _aالتاريخ
650 1 7 _aالنقد
942 _2ddc
_cBK
999 _c7592
_d7592